Načítá se...
| LEADER | 00453nam a2200145Ia 4500 | ||
|---|---|---|---|
| 008 | 150623b xxu||||| |||| 00| 1 eng d | ||
| 082 | |a 823.91S1 | ||
| 100 | |a Stewart, Mary | ||
| 245 | |a Nine coaches waiting / |c Mary Stewart | ||
| 260 | |b H & S, |c 1958. | ||
| 300 | |a 318 p. | ||
| 650 | |v Fiction | ||
| 942 | |c BK | ||
| 999 | |c 14442 |d 14442 | ||
| 952 | |0 0 |1 0 |4 0 |6 823_000000000000000_91S1_NIN |7 0 |9 14441 |a UL |b UL |c ST2 |d 1998-09-24 |l 0 |o 823.91S1 NIN |p 21801 |r 2012-10-27 |w 2012-10-27 |y BK | ||